01294cam a2200325 a 4500001002300000003000700023005001700030007000700047008004100054010001700095040004900112020003800161020003100199035002000230043001200250050002000262082001600282100003300298245012300331250001200454260003200466300002400498504006400522651004700586651004800633651004500681651004600726856009600772856010000868borderofbluealon00turnCaSfIA20230525154708.0cr||||920805s1993 nyu b 001 0 eng  a 92030283  aDLCcDLCdBAKERdBTCTAdYDXCPdOCLCGdCaSfIA a0805020721 (alk. paper) :c$23.00 a9780805020724 (alk. paper) a(OCoLC)26400977 anm-----00aF296b.T87 199300a976.4/12201 aTurner, Frederick W.,d1937-12aA border of blue :h[electronic resource] balong the Gulf of Mexico from the Keys to the Yucatan /cFrederick Turner. a1st ed. aNew York :bH. Holt,c1993. ax, 302 p. ;c24 cm. aIncludes bibliographical references (p. 287-291) and index. 0aGulf Coast (U.S.)xDescription and travel. 0aGulf Coast (U.S.)xSocial life and customs. 0aMexico, Gulf ofxDescription and travel. 0aMexico, Gulf ofxSocial life and customs.41uhttp://www.archive.org/details/borderofbluealon00turnzFree eBook from the Internet Archive42uhttp://www.openlibrary.org/books/OL1726221MzAdditional information and access via Open Library